Normal view
MARC view
- جامعة مؤتة-سيرة ومسيرة 1981-2021-اصدار خاص
Entry Topical Term
001 - CONTROL NUMBER
- control field: 63487
003 - CONTROL NUMBER IDENTIFIER
- control field: JO-AjAnu
005 - DATE AND TIME OF LATEST TRANSACTION
- control field: 20230606084349.0
008 - FIXED-LENGTH DATA ELEMENTS
- fixed length control field: 230606|| aca||aabn | a|a d
040 ## - CATALOGING SOURCE
- Original cataloging agency: JO-AjAnu
- Transcribing agency: JO-AjAnu
150 ## - HEADING--TOPICAL TERM
- Topical term or geographic name entry element: جامعة مؤتة-سيرة ومسيرة 1981-2021-اصدار خاص
670 ## - SOURCE DATA FOUND
- Source citation: Work cat.: (JO-AjAnu)32369: اعداد الرواضية، وليد وآخرون، الكتابهة والتنسيق مصعل الطلالعة, author 63486, سيرة ومسيرة 1981-2021: اصدار خاص بمناسبة مرور 40 عاما على تاسيس جامعة مؤتة تزامنا مع الاحتفال بمئوية المملكة الاردنية الهاشمية